000 00322nam a2200133Ia 4500
100 _aKatre/J.S
650 _aDigital Communication
942 _cBK
654 _aDigital
245 _aPrinciples of digital communication
260 _bTech-Max Publications
_aPune
_c2003
082 _a621.382/KAT
_bKAT
546 _aENGLISH
999 _c24299
_d24299